Poli Marichal (Record no. 13741)

MARC details
000 - LÍDER
campo de control de longitud fija 00907nam a2200205Ia 4500
008 - ELEMENTOS DE DATOS DE LONGITUD FIJA - INFORMACIÓN GENERAL
campo de control de longitud fija 0000002003 pr a 0000000000spa00
090 ## - NÚMERO DE LLAMADA DE TIPO LC LOCALMENTE ASIGNADO (OCLC)
Número de clasificación (OCLC) (R) PPR00 R62pt
100 1# - ENTRADA PRINCIPAL - NOMBRE PERSONAL
Nombre de la persona Rodríguez Vega, Myrna
245 10 - TÍTULO DECLARACIÓN
Título Poli Marichal
Resto del título : tropico fecundo
Declaración de responsabilidad / Myrna Rodríguez Vega
260 ## - PUBLICACIÓN, DISTRIBUCIÓN
Lugar de publicación San Juan [Puerto Rico] : Galería La Pintadera
Fecha de publicación 2003
300 ## - DESCRIPCIÓN FÍSICA
Alcance 1 plegable [10] p.
Dimensiones / 19 cm.
500 ## - NOTA GENERAL
Nota general Exposición realizada en octubre de 2003 en la Galería La Pintadera de San Juan de Puerto Rico \ Incluye datos biográficos de la artista
505 ## - NOTA DE CONTENIDO FORMATEADA
Nota sobre el contenido formateado OBRAS: Los frutos de la tierra Marasmo Tr•pico fecundo Esperanza Fe Caridad Depredadores
600 00 - ENTRADA DE SUJETO AÑADIDO - NOMBRE PERSONAL
Nombre de la persona MARICHAL, POLI, 1955/
Subdivisión general TRABAJOS PICTORICOS
650 14 - ENTRADA DE SUJETO AÑADIDO - TÉRMINO TÓPICO
Término tópico o elemento de entrada del nombre geográfico PINTURA PUERTORRIQUEÑA
650 14 - ENTRADA DE SUJETO AÑADIDO - TÉRMINO TÓPICO
Término tópico o elemento de entrada del nombre geográfico ARTE MODERNO PUERTORRIQUEÑO
650 14 - ENTRADA DE SUJETO AÑADIDO - TÉRMINO TÓPICO
Término tópico o elemento de entrada del nombre geográfico ARTISTAS PLASTICOS PUERTORRIQUEÑOS
650 14 - ENTRADA DE SUJETO AÑADIDO - TÉRMINO TÓPICO
Subdivisión general CATALOGOS
650 14 - ENTRADA DE SUJETO AÑADIDO - TÉRMINO TÓPICO
Subdivisión general EXPOSICIONES
Holdings
Estado de retirada Pérdida de estatus Estado dañado No para préstamo Código de recogida Ubicación permanente Ubicación actual Ubicación de las estanterías Fecha de adquisición Número de llamada completo Código de barras Fecha de la última vez que se vio Número de copia Precio efectivo desde Tipo de artículo Koha
        General ArtNexus ArtNexus General 06/09/2022 P-PR-00 R62PT 13921 06/09/2022 Ej.1 06/09/2022 Libro

Powered by Koha